| 000 | 00457nam a2200157Ia 4500 | ||
|---|---|---|---|
| 008 | 151213s9999 xx 000 0 und d | ||
| 020 | _a0-87207-198-7 | ||
| 100 | _aJoelie Hancokck | ||
| 245 |
_aTeaching Literary Using Information Technology _cJoelie Hancokck |
||
| 260 |
_aNew York _bInternational Reading Association _c1999 |
||
| 300 | _a6485 p. | ||
| 650 | _aEnglish Language | ||
| 650 | _aEnglish Language | ||
| 700 | _aJoelie Hancokck | ||
| 999 |
_c3576 _d3576 |
||